| 000 | 00831cam a2200265 a 4500 | ||
|---|---|---|---|
| 001 | 000005151 | ||
| 003 | OSt | ||
| 005 | 20201002110544.0 | ||
| 008 | 940617s1993 ck 001 p spa | ||
| 020 | _a9586121534 | ||
| 040 |
_aDO-SdBNP _bspa _cBNPHU |
||
| 082 |
_aC861.44. _bG146a |
||
| 100 | 1 |
_aGalán Casanova, John, _d1970- _914739 |
|
| 245 | 1 | 0 |
_aAlmac n Ac sta : _bpoesía joven / _cJohn Galán Casanova. |
| 260 |
_aSantafé, Bogotá : _bColcultura, _c1993. |
||
| 300 |
_a68 p. ; _c21 cm. |
||
| 490 | 1 |
_aPremios nacionales '93. _aPoesía joven |
|
| 586 | _aPremios nacional de poesía joven, 1993 | ||
| 590 | _aInventariado, 2020 / DG | ||
| 650 | 4 |
_aPoesía colombiana _93742 |
|
| 650 | 4 |
_aLiteratura colombiana _91244 |
|
| 830 | 0 |
_aPremios nacionales '93. _914740 |
|
| 910 | _aInventariado, 2020 / DG | ||
| 942 |
_2ddc _cLF1 |
||
| 999 |
_c4954 _d4954 |
||